000 00449pab a2200169 454500
008 180718b2007 xxu||||| |||| 00| 0 eng d
100 _aJoshi, Nilesh B.
245 _aGood governance: a study of the grievance redressal system in the Surat municipal corporation
260 _c2007
300 _ap.1-12.
362 _aJul-Sep
650 _aGood governance
650 _aLocal government
773 _aNagarlok
908 _aN
909 _a77510
999 _c77510
_d77510